| 000 | 00536nam a22001817a 4500 | ||
|---|---|---|---|
| 003 | OSt | ||
| 005 | 20260313031326.0 | ||
| 008 | 260313b |||||||| |||| 00| 0 eng d | ||
| 020 | _a 7-119-01773-x. | ||
| 040 |
_aDWC-Main lib _cOC |
||
| 082 | _aFic. W198 1992 | ||
| 100 | _aWalter, Robertson James | ||
| 245 |
_aThe bridges of madison county/ _cRobertson James Walter |
||
| 260 |
_aChina : _bForeign Languages Press, _c c1992. |
||
| 300 |
_axviii, 201 p. _b : ill. _c17 cm. |
||
| 650 | _a1. Fiction. | ||
| 942 |
_2ddc _cFIC. _kFic. _n0 |
||
| 999 |
_c9103 _d9103 |
||